Kapela bola priestorom na sebarealizáciu : košickú skupinu The Clear po výhre na B.B. Feste oslovili dve veľké vydavateľstvá

Podrobná bibliografia
Hlavný autor: Kolbasky, Jozef (Author)
Ďalší autori: Oravec, Maroš (Interviewee)
Médium: Článok
Jazyk:Slovak
Témy:
Zdroj: 1. Košický večer 1. Roč. 15. (36), č. 21 (2.2.2004), s. 8
LEADER 00917nab#a2200313#ar4500
001 000050436
003 SVKKK
005 20041112150220.0
008 041112c2004 xo e slo
FMT
038 |a SVKKK 
040 |a SVKKK  |b slo  |e AACR2 
041 0 |a slo 
044 |a xo  |c SK 
080 |a 785.161  |2 1997 
100 1 |a Kolbasky, Jozef  |4 aut 
245 1 0 |a Kapela bola priestorom na sebarealizáciu :  |b košickú skupinu The Clear po výhre na B.B. Feste oslovili dve veľké vydavateľstvá  |c Jozef Kolbasky ; Maroš Oravec 
300 |b Fotogr. 
610 2 4 |a The Clear (skupina hudobná : Košice (Slovensko))  |x rozhovory 
650 0 4 |a skupiny hudobné  |z Košice (Slovensko) 
700 1 |a Oravec, Maroš  |4 ive 
773 0 |t Košický večer  |g Roč. 15. (36), č. 21 (2.2.2004), s. 8 
957 |a 802 
958 |a K1 
974 |a MI 
992 |a RBX 
BAS
852 |a SVKKK  |b BIB 
998 |a REG